Detalles MARC
| 000 -CABECERA |
| campo de control de longitud fija |
00863cam a2200277 a 4500 |
| 001 - NÚMERO DE CONTROL |
| campo de control |
000018828 |
| 005 - FECHA Y HORA DE LA ÚLTIMA TRANSACCIÓN |
| campo de control |
20200929165850.0 |
| 008 - DATOS DE LONGITUD FIJA--INFORMACIÓN GENERAL |
| campo de control de longitud fija |
720711s1969 sp 000 d spa d |
| 035 ## - NÚMERO DE CONTROL DEL SISTEMA |
| Número de control de sistema |
(DLC) 77265750 |
| 035 ## - NÚMERO DE CONTROL DEL SISTEMA |
| Número de control de sistema |
(OCoLC)352126 |
| 040 ## - FUENTE DE LA CATALOGACIÓN |
| Centro catalogador/agencia de origen |
DO-SdBNP |
| Centro/agencia transcriptor |
OCU |
| Centro/agencia modificador |
DLC |
| -- |
BNPHU |
| 042 ## - CÓDIGO DE AUTENTICACIÓN |
| Código de autenticación |
premarc |
| 050 00 - SIGNATURA TOPOGRÁFICA DE LA BIBLIOTECA DEL CONGRESO |
| Número de clasificación |
PQ6235.R2 |
| Número de documento/Ítem |
D7 |
| 082 ## - NÚMERO DE LA CLASIFICACIÓN DECIMAL DEWEY |
| Número de clasificación |
NNN |
| Número de documento/Ítem |
D763 |
| 049 ## - FONDOS LOCALES (OCLC) |
| Fondos de biblioteca |
BNGR |
| 245 00 - MENCIÓN DE TÍTULO |
| Título |
Dramas liturgicos del siglo XVI : |
| Resto del título |
Navidad y Pascua / |
| Mención de responsabilidad, etc. |
edición e introducción de Jaime Moll. |
| 260 ## - PUBLICACIÓN, DISTRIBUCIÓN, ETC. |
| Lugar de publicación, distribución, etc. |
Madrid : |
| Nombre del editor, distribuidor, etc. |
Taurus, |
| Fecha de publicación, distribución, etc. |
1969. |
| 300 ## - DESCRIPCIÓN FÍSICA |
| Extensión |
185 p. ; |
| Dimensiones |
19cm. |
| 490 1# - MENCIÓN DE SERIE |
| Mención de serie |
Temas de España |
| Designación de volumen o secuencia |
76 |
| 504 ## - NOTA DE BIBLIOGRAFÍA, ETC. |
| Nota de bibliografía, etc. |
Bibliografía: p. 22-24. |
| 650 #0 - PUNTO DE ACCESO ADICIONAL DE MATERIA--TÉRMINO DE MATERIA |
| Término de materia o nombre geográfico como elemento de entrada |
Spanish drama |
| Subdivisión cronológica |
Classical period, 1500-1700. |
| 9 (RLIN) |
40585 |
| 650 #0 - PUNTO DE ACCESO ADICIONAL DE MATERIA--TÉRMINO DE MATERIA |
| Término de materia o nombre geográfico como elemento de entrada |
Liturgical dramas. |
| 9 (RLIN) |
40586 |
| 700 1# - PUNTO DE ACCESO ADICIONAL--NOMBRE DE PERSONA |
| Nombre de persona |
Moll, Jaime, |
| Término indicativo de función/relación |
ed. |
| 9 (RLIN) |
40587 |
| 830 #0 - PUNTO DE ACCESO ADICIONAL DE SERIE-TÍTULO UNIFORME |
| Título uniforme |
Temas de España; |
| Designación de volumen o secuencia |
76 |
| 9 (RLIN) |
6849 |
| 910 ## - DATOS DE OPCIÓN DEL USUARIO (OCLC) |
| Datos de opción del usuario |
Catalogación derivada / LC |